000 00273nam a22001217a 4500
008 181022b xxu||||| |||| 00| 0 eng d
041 _aeng
080 _a572
100 _a22
101 _aANT
245 _aRoad Through The Rain Forest
_cDavid M.H
942 _2udc
_cBK
999 _c50437
_d50437